Normal view
MARC view
- Jesny M J
Entry Personal Name
001 - CONTROL NUMBER
- control field: 4216
003 - CONTROL NUMBER IDENTIFIER
- control field: OSt
005 - DATE AND TIME OF LATEST TRANSACTION
- control field: 20190715110953.0
008 - FIXED-LENGTH DATA ELEMENTS
- fixed length control field: 190715|| aca||aabn | a|a d
040 ## - CATALOGING SOURCE
- Original cataloging agency: OSt
- Transcribing agency: OSt
100 ## - HEADING--PERSONAL NAME
- Personal name: Jesny M J
670 ## - SOURCE DATA FOUND
- Source citation: Work cat.: (OSt): Hasna Ameena P O 4215, Studies on the effect of saline water intrusion in Tavanur- Ponnani area, 2019
